banner koha

Seleção de extratores e tempo de extração para determinação de açúcares em café torrado (Registro n. 173967)

MARC details
000 -LÍDER
campo de controle de tamanho fixo 00852nas a2200277 4500
001 - NÚMERO DE CONTROLE
campo de controle BR0301496
003 - IDENTIFICADOR DO NÚMERO DE CONTROLE
campo de controle BR-BrBNA
005 - DATA E HORÁRIO DA ÚLTIMA TRANSAÇÃO
campo de controle 20231205103636.0
007 - CAMPO FIXO DE DESCRIÇÃO FÍSICA--INFORMAÇÃO GERAL
campo de controle de tamanho fixo ta
008 - CAMPO DE DADOS FIXOS--INFORMAÇÃO GERAL
campo de controle de tamanho fixo 230509b bl.|||p| |||| 00| 00por d
040 ## - FONTE DA CATALOGAÇÃO
Instituição da catalogação original BR-BrBNA
Idioma da catalogação por
Instituição que transcreveu o registro Biblioteca Nacional de Agricultura
041 ## - CÓDIGO DE IDIOMA
Código do idioma do texto/trilha sonora ou título diferente (Pt)
072 ## - CÓDIGO DE CATEGORIA DE ASSUNTO
Código de Categoria de Assunto Q04
100 1# - ENTRADA PRINCIPAL--NOME PESSOAL
Nome pessoal Vilas Boas, B.M.
100 1# - ENTRADA PRINCIPAL--NOME PESSOAL
Nome pessoal Licciardi, R.
100 1# - ENTRADA PRINCIPAL--NOME PESSOAL
Nome pessoal Morais, A.R. de
100 1# - ENTRADA PRINCIPAL--NOME PESSOAL
Nome pessoal Carvalho, V.D. de
245 1# - TÍTULO
Título Seleção de extratores e tempo de extração para determinação de açúcares em café torrado
650 ## - ASSUNTO--TERMO TÓPICO
Cabeçalho tópico ou nome geográfico CAFÉ
650 ## - ASSUNTO--TERMO TÓPICO
Cabeçalho tópico ou nome geográfico AÇÚCARES
650 ## - ASSUNTO--TERMO TÓPICO
Cabeçalho tópico ou nome geográfico COMPOSIÇÃO QUÍMICA
650 ## - ASSUNTO--TERMO TÓPICO
Cabeçalho tópico ou nome geográfico TORREFAÇÃO
773 0# - ENTRADA ANALÍTICA
Título Ciência e Agrotecnologia (Brazil)
ISSN - International Standard Serial Number ISSN 1413-7054
Partes relacionadas (Sep-Oct 2001), v. 25(5) p. 1169-1173
Número de controle do registro BR0301496
909 ## -
-- 202311
-- Lúcia
-- 55
-- Lúcia Elande
942 ## - ELEMENTOS DE ENTRADA ADICIONADOS (KOHA)
Fonte da classificação ou esquema de arquivamento na estante Classificação AGRIS
Ocultar no OPAC Não
Tipo de material Koha Analítica
Exemplares
Situação do descarte Fonte da classificação ou esquema de arquivamento na estante Situação física Não pode ser emprestado Biblioteca de origem Biblioteca atual Localização na estante Enumeração do periódico / cronologia Total de empréstimos Data de último acesso Número do exemplar Tipo de material Koha Fonte de aquisição
  Classificação AGRIS   Consulta local Biblioteca Nacional de Agricultura - Binagri Biblioteca Nacional de Agricultura - Binagri   (Sep-Oct 2001), v. 25(5) p. 1169-1173   29/11/2023 01 Periódicos Portaria Interministerial nº 164/94

BINAGRI

Telefone: (61)3218-2567/2388/3357/2097 - binagri@agro.gov.br

Ministério da Agricultura e Pecuária , Esplanada dos Ministérios, Bloco D, Anexo B, Brasília/DF, CEP: 70.043-900